Nghìn xưa văn hiến

Đã lưu trong:
Bibliografiske detaljer
Hovedforfatter: Trần Quốc Vượng
Format: Bog
Tags: Tilføj Tag
Ingen Tags, Vær først til at tagge denne postø!
Thư viện lưu trữ: Mạng thư viện Đại học Đà Nẵng
LEADER 00657nam a2200217 4500
001 000006891
003 3051
005 20150812140807.0
008 110922s sd
100 0 |a Trần Quốc Vượng 
245 0 0 |a Nghìn xưa văn hiến  |c Trần Quốc Vượng 
774 |a Trần Quốc Vượng  |d Kim Đồng  |d H.  |d 1978  |g T.3  |h 182 tr  |w 3052 
774 |a Trần Quốc Vượng  |d Kim Đồng  |d H.  |d 1984  |g T.4  |h 114 tr  |w 3053 
OWN |a LSP 
999 |a From the UDN01 
TYP |a Monograph 
TYP |a Printed language 
980 |a Mạng thư viện Đại học Đà Nẵng